000 00281nam a22001097a 4500
008 170120b xxu||||| |||| 00| 0 eng d
020 _a9780781770521
041 _aeng
080 _28TH
_a618.2
245 _aRESOURCE MANUAL TO ACCOMPANY NURSING RESEARCH
_cBECK, CH.T
942 _2udc
_cBK
999 _c3282
_d3282